Регионална библиотека "Любен Каравелов" - Русе

Моята първа книга за животните в България (Запис номер 125825)

MARC детайли
000 -Лидер
Контролно поле с фиксирана дължина 01834nam a2200409 a 4500
003 - Код на организацията, давaща контролен номер
Контролно поле BLK
005 - Дата и час на последна редакция
Контролно поле 20241101153826.0
008 - Елементи от данни с фиксирана дължина
fixed length control field 180409b bul|||||r ||||||| ||bul||
010 ## - Наследен системен номер
LC control number KNG00131504000
020 ## - Международен стандартен номер на книга ISBN
Международен стандартен номер на книга ISBN 978-954-657-972-0
040 ## - Източник на каталожния запис
Идентификатор на билиотеката - собственик на записа BLK
041 ## - Код за език
Код за езика на текст/звукозапис или на отделно заглавие Български
Код за езика КДБФ Български
072 #7 - Код за тематичната категория
Код организация bullib
Код за тематична категория Н86
Текст Детска отраслова литература Н
080 ## - УДК
Текстов определител УДК Географско разпространение на животните. Зоогеография. Фауна. Подразделя се чрез определителите за място (Табл. Ie). Вж и 591.5
УДК код - определител по УДК 591.9
УДК определител (497.2):087.5
УДК - код + определител 591.9(497.2):087.5
100 1# - Редна дума - Автор
Автор Русанов, Любомир Кирилов
R(LIN) 117434
139 ## - Редно поле
Редна дума Русанов, Любомир Кирилов
Авторски знак Рус - Р 93
245 10 - Сведения за заглавието
Заглавие Моята първа книга за животните в България
Редно поле (дума) Любомир Кирилов Русанов; ил. Венцислав Кръстев.
257 ## - Страна на издаване
Страна на създаване/издаване България
260 ## - Област на издателските данни
Място на издаване, разпространение и проч. София
Име на издателя, разпространителя и проч. ПАН
Година на издаване 2010
300 ## - Физическа характеристика
Страници 16 с.
Илюстрации и др. с цв. ил.
Размери/Мащаб 28 см
380 ## - Жанр
Жанр Детска отраслова лит.
490 ## - СЕРИИ (Колекции)
Име на серия Поредица Моята първа книга за...
9 (RLIN) 206289
650 #4 - Допълнително описание по предмет – тема
Основно описание – тема или топоним Животни - географско разпределение - България
9 (RLIN) 280465
651 #4 - Допълнително описание по предмет - топоним
Географско понятие България
9 (RLIN) 241624
653 ## - Ключова дума – ненормативна
Ключова дума животни
653 ## - Ключова дума – ненормативна
Ключова дума географско разпределение
653 ## - Ключова дума – ненормативна
Ключова дума детска литература
659 ## - Тематичен бюлетин
Тематичен бюлетин Н
700 1# - Други автори (авторска отговорност)
Лично име Кръстев, Венцислав
Автороска отговорност (Описва отношението между автора и произведението) ил.
9 (RLIN) 372887
852 ## - Местоположение
Форматна сигнатура Цб ІІ 17322
856 4# - Електронен адрес и достъп
Електронен формат pdf - файл
Инструкция (цена за достъп) 0.00
Права за достъп disable
856 4# - Електронен адрес и достъп
Електронен формат pdf - файл
Инструкция (цена за достъп) 0.00
Права за достъп disable
999 ## - СИСТЕМНИ КОНТРОЛНИ НОМЕРА
Koha biblionumber 125825
Koha biblioitemnumber 125825
942 ## - АРТИКУЛИ
Вид на библиотечния материал Книги
Скрит в OPAC Не
Периодичен библиозапис Да
Koha issues (borrowed), all copies 1
944 ## - СЪЗДАВАНЕ И РЕДАКЦИЯ на ЗАПИСА
Създаване/Редакция Създаване
Дата на регистрацията/редакция 21.06.2012
Служител, извършил регистрацията/редакцията 30560
Статус, дата на статуса Геновева Генчева
944 ## - СЪЗДАВАНЕ И РЕДАКЦИЯ на ЗАПИСА
Създаване/Редакция Редакция
Дата на регистрацията/редакция 07.12.2015
Служител, извършил регистрацията/редакцията Пенка_Димитрова
999 ## - СИСТЕМНИ КОНТРОЛНИ НОМЕРА
Koha biblioitemnumber 125825
Наличности
Код за отписване Код за изгубен артикул Код за повреда Коз за рестрикции Код за отдаване Артикулен № Име на библиотеката - собственик Име на библиотеката, в която се намира в момента Статус (Текущо местоположение) Дата на вписване в системата Местоположение - отдел Цена в лева Инвентарен номер Систематично азбучна сигнатура Баркод Номер на екземпляра Цена в евро Служебна бележка Служебен тип на артикула Източник на класификационната схема Части - комплектовани в артикула (потвързано тяло или друга част)
  Не е изгубен Не е повреден без рестрикции заемане за дома 204741 Регионална библиотека "Любен Каравелов" Русе Регионална библиотека "Любен Каравелов" Русе Детски отдел 2012-06-21 Детски отдел 2.27 120000758541 ДН 59/Р 93 120000758541 1 1.16 Дост: DA Вид: А N: 12 Дата: 21.06.2012 Дата инв: 19.08.2015 Бележки инв: Д2015 Книги    
  Не е изгубен Не е повреден без рестрикции ползва се в читалня 204742 Регионална библиотека "Любен Каравелов" Русе Регионална библиотека "Любен Каравелов" Русе Хранилище 2015-12-07 Хранилище 2.90 120000795358 Цб ІІ 17322 120000795358 2 1.48 Дост: Dp Вид: Д N: 45 Дата: 19.10.2015 Книги    
  Не е изгубен Не е повреден   заемане за дома 688649 Регионална библиотека "Любен Каравелов" Русе Регионална библиотека "Любен Каравелов" Русе Детски отдел 2019-02-02 Детски отдел 2.47   ДН 59/Р 53 120000829479   1.26   Книги Universal Decimal Classification 1111
  Не е изгубен Не е повреден без рестрикции заемане за дома 925869 Регионална библиотека "Любен Каравелов" Русе Регионална библиотека "Любен Каравелов" Русе Детски отдел 2023-03-29 Детски отдел 2.90 120000885173 59/Р 53 Л 120000885173   1.48   Книги Universal Decimal Classification  
Vip Innovations Ltd, Rousse, Bulgaria 2025